000 00223 a2200097 4500
001 19791
100 _aEmmet, D
245 _aSociological theory & philosophical analysis
260 _a
_bMacMillan
_c
090 _c14416
_d14416
942 _aNUST-CAE
_cM
_c4910
999 _c254864
_d254864